[Event "4NCL Division 2b"]
[Site "Daventry, ENG"]
[Date "2020.01.11"]
[Round "3.62"]
[White "Berry, Neil"]
[Black "Rocco, Federico"]
[Result "0-1"]
[WhiteElo "2269"]
[BlackElo "2305"]
[PlyCount "74"]
[EventDate "2020.01.11"]
[WhiteTeam "Alba"]
[BlackTeam "Barnet Knights 1"]

1. d4 Nf6 2. c4 e6 3. g3 c5 4. Nf3 cxd4 5. Nxd4 d5 6. Bg2 e5 7. Nf3 d4 8. O-O
Nc6 9. e3 Be7 10. exd4 exd4 11. Bf4 O-O 12. Ne5 Qb6 13. Re1 Be6 14. Nd2 Nxe5
15. Rxe5 a6 16. b4 Nd7 17. Re1 Bxb4 18. Rb1 Qa5 19. Bxb7 Rad8 20. a3 Bc3 21.
Bg2 Nc5 22. Re5 Qxa3 23. Nb3 Nxb3 24. Rxb3 Qa4 25. Bd5 Bxd5 26. Rxd5 Qxc4 27.
Rg5 f6 28. Rg4 Rde8 29. Rb7 Rf7 30. Rxf7 Kxf7 31. Bd2 Qe6 32. Rf4 g6 33. f3 f5
34. Bxc3 dxc3 35. Rb4 Qe1+ 36. Qxe1 Rxe1+ 37. Kf2 c2 0-1

[Event "4NCL Division 2b"]
[Site "Daventry, ENG"]
[Date "2020.01.11"]
[Round "3.63"]
[White "Brozel, Sacha"]
[Black "MacQueen, Calum"]
[Result "1-0"]
[WhiteElo "2245"]
[BlackElo "2211"]
[PlyCount "83"]
[EventDate "2020.01.11"]
[WhiteTeam "Barnet Knights 1"]
[BlackTeam "Alba"]

1. c4 Nf6 2. g3 g6 3. Bg2 Bg7 4. Nc3 O-O 5. e4 d6 6. Nge2 e5 7. O-O Nc6 8. d3
a6 9. h3 b5 10. cxb5 axb5 11. Nxb5 Ba6 12. Nec3 Qb8 13. a4 Nb4 14. b3 c6 15.
Ba3 cxb5 16. Bxb4 bxa4 17. Rxa4 Qb6 18. Qd2 Rfc8 19. Rfa1 Bb7 20. Rxa8 Bxa8 21.
Na4 Qb5 22. Bxd6 Qxb3 23. Qb2 Qxb2 24. Nxb2 Ne8 25. Bb4 Bc6 26. Nc4 Bb5 27. Bf1
f6 28. Ra7 Rc7 29. Ra5 Bd7 30. Ra8 Kf7 31. Ba5 Rc8 32. Ra7 Ke6 33. d4 exd4 34.
Nb6 Rc7 35. Ra6 Rc1 36. Kg2 Nc7 37. Ra7 Bh6 38. Bc4+ Kd6 39. Nxd7 Rxc4 40. Nxf6
Ne6 41. Ra6+ Ke7 42. Ng8+ 1-0

[Event "4NCL Division 2b"]
[Site "Daventry, ENG"]
[Date "2020.01.11"]
[Round "3.64"]
[White "Burnett, Andrew"]
[Black "Villiers, Thomas"]
[Result "1-0"]
[WhiteElo "2120"]
[BlackElo "2252"]
[PlyCount "127"]
[EventDate "2020.01.11"]
[WhiteTeam "Alba"]
[BlackTeam "Barnet Knights 1"]

1. d4 e6 2. e4 d5 3. Nd2 c5 4. Ngf3 cxd4 5. exd5 Qxd5 6. Bc4 Qd7 7. Qe2 Nc6 8.
Nb3 a6 9. O-O Nf6 10. Bg5 b5 11. Bd3 Be7 12. Rad1 Nd5 13. Bxe7 Qxe7 14. Be4 Bb7
15. Bxd5 exd5 16. Qxe7+ Nxe7 17. Rfe1 Rc8 18. Nbxd4 Rc7 19. Nf5 Kf8 20. Nxe7
Rxe7 21. Nd4 h5 22. h4 g6 23. c3 Rc7 24. a3 Kg7 25. Re5 Rd8 26. Rde1 Kf8 27. f3
Rcc8 28. Kf2 Re8 29. g4 hxg4 30. fxg4 Rxe5 31. Rxe5 Rd8 32. Ke3 Bc8 33. Kf4 f6
34. Re6 Kf7 35. Rc6 Re8 36. Rc7+ Kg8 37. Kf3 Kf8 38. Rc5 Kg7 39. g5 fxg5 40.
hxg5 Bf5 41. Rc7+ Kg8 42. Nxf5 gxf5 43. Rd7 Re5 44. b4 f4 45. Kxf4 Re4+ 46. Kf5
Rc4 47. Rd6 Rxc3 48. Rxa6 d4 49. Rd6 Rxa3 50. Rxd4 Ra7 51. Rd8+ Kf7 52. Rb8 Ra1
53. Rb7+ Ke8 54. Rxb5 Kf7 55. Rb7+ Kg8 56. g6 Kh8 57. b5 Ra8 58. b6 Rf8+ 59.
Rf7 Ra8 60. b7 Ra5+ 61. Ke4 Rb5 62. Rf8+ Kg7 63. b8=Q Kxg6 64. Qxb5 1-0

[Event "4NCL Division 2b"]
[Site "Daventry, ENG"]
[Date "2020.01.11"]
[Round "3.65"]
[White "Ethelontis, Alexandros N"]
[Black "White, Stuart A"]
[Result "1/2-1/2"]
[WhiteElo "2155"]
[BlackElo "2106"]
[PlyCount "131"]
[EventDate "2020.01.11"]
[WhiteTeam "Barnet Knights 1"]
[BlackTeam "Alba"]

1. c4 e5 2. g3 Nf6 3. Bg2 d5 4. cxd5 Nxd5 5. Nf3 Nc6 6. O-O Nde7 7. Qa4 Bd7 8.
Qb3 Nf5 9. Nc3 Rb8 10. e3 Be7 11. Rd1 Bf6 12. Ne4 Be6 13. Qc3 O-O 14. b4 Nd6
15. Nxf6+ Qxf6 16. d4 Bg4 17. dxe5 Nxe5 18. Qxe5 Qxe5 19. Nxe5 Bxd1 20. Nd7
Rbd8 21. Nxf8 Kxf8 22. Bb2 Be2 23. Re1 Bc4 24. Rc1 c6 25. a3 f6 26. Bd4 Kf7 27.
Bxa7 Bb3 28. Rc3 Be6 29. Rd3 Ra8 30. Rxd6 Rxa7 31. Rd3 Ra8 32. f4 Bc4 33. Rd7+
Kg6 34. Rxb7 Rxa3 35. Be4+ Kh6 36. Bxc6 Ra1+ 37. Kg2 Ra2+ 38. Kf3 f5 39. g4
Be2+ 40. Kg3 Bxg4 41. b5 Ra3 42. Re7 Rb3 43. Re6+ g6 44. Re7 Be2 45. Re5 Kg7
46. Kf2 Bc4 47. h4 Kf6 48. Ke1 h6 49. Kd2 g5 50. hxg5+ hxg5 51. Rc5 Be6 52.
fxg5+ Kxg5 53. Rc3 Rb4 54. Rc1 Kf6 55. Rc5 Ke7 56. Kc3 Rb3+ 57. Kd4 Rb4+ 58.
Ke5 Rb3 59. e4 fxe4 60. Bxe4 Bd7 61. Bc6 Bxc6 62. bxc6 Kd8 63. c7+ Kc8 64. Kd5
Rd3+ 65. Kc6 Rc3 66. Rxc3 1/2-1/2

[Event "4NCL Division 2b"]
[Site "Daventry, ENG"]
[Date "2020.01.11"]
[Round "3.66"]
[White "Grassie, Duncan"]
[Black "Willmoth, Robert F"]
[Result "1-0"]
[WhiteElo "2079"]
[BlackElo "2215"]
[PlyCount "66"]
[EventDate "2020.01.11"]
[WhiteTeam "Alba"]
[BlackTeam "Barnet Knights 1"]

1. d4 d6 2. Bg5 c6 3. Nf3 Bg4 4. Qd2 Qb6 5. c4 h6 6. Bh4 g5 7. Bg3 Bg7 8. e3
Bxf3 9. gxf3 c5 10. Nc3 cxd4 11. Nd5 dxe3 12. fxe3 Qc5 13. b4 Qc8 14. Rc1 Nf6
15. Nxf6+ Bxf6 16. c5 O-O 17. cxd6 Qf5 18. e4 Qe6 19. Bc4 Qd7 20. e5 Bg7 21.
Qe2 Kh8 22. h4 exd6 23. hxg5 Re8 24. Qe4 dxe5 25. Bd3 Kg8 26. gxh6 Bf6 27. Bh4
Qe7 28. Qg4+ Kh8 29. Rc7 Bxh4+ 30. Rxh4 Qf6 31. Qe4 Qg6 32. Qxg6 fxg6 33. Bxg6
Rg8 1-0

[Event "4NCL Division 2b"]
[Site "Daventry, ENG"]
[Date "2020.01.11"]
[Round "3.67"]
[White "Orgler, Philipp"]
[Black "Sanger, Jake M"]
[Result "0-1"]
[WhiteElo "2170"]
[BlackElo "1937"]
[PlyCount "122"]
[EventDate "2020.01.11"]
[WhiteTeam "Barnet Knights 1"]
[BlackTeam "Alba"]

1. d4 e6 2. e4 d5 3. Nc3 Nf6 4. Bg5 Be7 5. e5 Nfd7 6. h4 a6 7. Qg4 Bxg5 8. hxg5
c5 9. dxc5 Nxe5 10. Qg3 Nbc6 11. O-O-O Ng6 12. f4 Qc7 13. Nge2 Nce7 14. Qf2 Bd7
15. g4 O-O-O 16. Bg2 Kb8 17. Rh3 Rc8 18. Rdh1 Qxc5 19. Qxc5 Rxc5 20. Rxh7 Rg8
21. Rf1 b5 22. Nd4 b4 23. Nce2 e5 24. Nf3 Rc4 25. Nd2 Rc5 26. f5 Nf8 27. Rh2
Bb5 28. Re1 Bd3 29. c3 Bxe2 30. Nb3 Rc4 31. Rxe2 Nd7 32. Na5 Rxg4 33. f6 gxf6
34. gxf6 Nxf6 35. Rxe5 Ng6 36. Rf5 Rf4 37. Rg5 bxc3 38. bxc3 Rc8 39. c4 Rc5 40.
Bxd5 Rf1+ 41. Kb2 Rxa5 42. Re2 Nxd5 43. cxd5 Rb5+ 44. Ka3 Kc7 45. Rc2+ Kb6 46.
Rc6+ Ka5 47. Rc3 Rf4 48. Rb3 Rxb3+ 49. axb3 Kb6 50. d6 Rd4 51. Rf5 Rxd6 52.
Rxf7 Ne5 53. Rh7 Rg6 54. Ka4 Nd3 55. b4 Ne5 56. Rh4 Rg4 57. Rh6+ Nc6 58. Ka3
Rf4 59. Rg6 Re4 60. Rh6 Kb5 61. Rh5+ Re5 0-1

[Event "4NCL Division 2b"]
[Site "Daventry, ENG"]
[Date "2020.01.11"]
[Round "3.68"]
[White "Roy, Ali"]
[Black "Stoica, Savas Marin"]
[Result "1/2-1/2"]
[WhiteElo "1871"]
[BlackElo "1922"]
[PlyCount "58"]
[EventDate "2020.01.11"]
[WhiteTeam "Alba"]
[BlackTeam "Barnet Knights 1"]

1. Nf3 Nf6 2. g3 b5 3. Bg2 Bb7 4. O-O e6 5. d3 d5 6. Nbd2 Be7 7. Qe1 O-O 8. e4
dxe4 9. Nxe4 Nbd7 10. a4 Nxe4 11. dxe4 b4 12. Qe2 Qc8 13. Rd1 Nc5 14. Nd4 Rd8
15. b3 Nd7 16. Bb2 c5 17. Nf3 Ba6 18. Qe3 c4 19. c3 Rb8 20. cxb4 Rxb4 21. Qc3
Bf8 22. bxc4 Rxc4 23. Qe3 Nb6 24. a5 Rxd1+ 25. Rxd1 Na4 26. Bd4 Qd8 27. Bf1 Rc3
28. Qd2 Rc6 29. Bxa7 Qxd2 1/2-1/2

[Event "4NCL Division 2b"]
[Site "Daventry, ENG"]
[Date "2020.01.11"]
[Round "3.71"]
[White "Makkar, Rajat"]
[Black "Tukpetov, Evgeny"]
[Result "1-0"]
[WhiteElo "2121"]
[BlackElo "2195"]
[PlyCount "105"]
[EventDate "2020.01.11"]
[WhiteTeam "Grantham Sharks 2"]
[BlackTeam "Kings Head"]

1. d4 g6 2. c4 Bg7 3. g3 c5 4. Nf3 cxd4 5. Nxd4 Nc6 6. Nxc6 dxc6 7. Bg2 Qxd1+
8. Kxd1 Be6 9. Nd2 Nf6 10. h3 O-O 11. Kc2 a5 12. a4 Rfd8 13. Ra2 Nd7 14. b3 Nc5
15. Rd1 Rd4 16. Ba3 Bf5+ 17. Kc1 Na6 18. g4 Be6 19. Bxe7 Re8 20. Ba3 Red8 21.
Bf3 f5 22. e3 Rd3 23. Nb1 fxg4 24. hxg4 Bf8 25. Rad2 Bxa3+ 26. Nxa3 Nc5 27. Kc2
Rxd2+ 28. Rxd2 Rxd2+ 29. Kxd2 Nxb3+ 30. Kc3 Nc5 31. Kd4 Nxa4 32. Bd1 Nb6 33.
Kc5 Nc8 34. f4 Kf7 35. e4 Ke7 36. Kd4 Nb6 37. c5 Nd7 38. f5 Bf7 39. e5 Bd5 40.
Bc2 Bf3 41. f6+ Ke8 42. g5 Bd5 43. Bd1 Nf8 44. Bg4 Be6 45. Be2 Kd8 46. Nc4 Bf5
47. Nd6 Ne6+ 48. Ke3 Nxc5 49. Nxf5 gxf5 50. Kf4 b5 51. Kxf5 a4 52. e6 a3 53.
e7+ 1-0

[Event "4NCL Division 2b"]
[Site "Daventry, ENG"]
[Date "2020.01.11"]
[Round "3.72"]
[White "McMichael, Richard J"]
[Black "Varnam, Liam D"]
[Result "1/2-1/2"]
[WhiteElo "2170"]
[BlackElo "2076"]
[PlyCount "97"]
[EventDate "2020.01.11"]
[WhiteTeam "Kings Head"]
[BlackTeam "Grantham Sharks 2"]

1. b3 e5 2. Bb2 Nc6 3. e3 d5 4. Bb5 Bd6 5. f4 Qh4+ 6. g3 Qe7 7. Nf3 Bg4 8. fxe5
Bxe5 9. Bxe5 Bxf3 10. Qxf3 Qxe5 11. Bxc6+ bxc6 12. O-O Nf6 13. Nc3 O-O 14. Qf4
Rfe8 15. Qxe5 Rxe5 16. Rf4 Ne4 17. Nxe4 dxe4 18. Raf1 f6 19. R1f2 a5 20. a4 Kf7
21. Kf1 c5 22. Ke2 c4 23. bxc4 Rb8 24. Rf5 Ke6 25. g4 Rb4 26. d4 exd3+ 27. Kxd3
Rxa4 28. Rxe5+ Kxe5 29. Rf5+ Ke6 30. Rb5 Ra3+ 31. Kd4 Ra2 32. Kd3 Ra1 33. g5 f5
34. Rb7 Kd6 35. Ra7 a4 36. Kc3 a3 37. h4 Rh1 38. Rxa3 Rxh4 39. Ra5 g6 40. Rd5+
Kc6 41. Re5 Rg4 42. Re7 Rxg5 43. Rxh7 Rg3 44. Kd4 Rg4+ 45. Kd3 Re4 46. Rg7 Re6
47. Kd4 Kd6 48. c5+ Kc6 49. c4 1/2-1/2

[Event "4NCL Division 2b"]
[Site "Daventry, ENG"]
[Date "2020.01.11"]
[Round "3.73"]
[White "Birtwistle, Nigel"]
[Black "Ward, Julian T"]
[Result "1/2-1/2"]
[WhiteElo "2110"]
[BlackElo "2155"]
[PlyCount "36"]
[EventDate "2020.01.11"]
[WhiteTeam "Grantham Sharks 2"]
[BlackTeam "Kings Head"]

1. Nf3 Nf6 2. g3 c5 3. Bg2 Nc6 4. O-O g6 5. c3 Bg7 6. d4 cxd4 7. cxd4 d5 8. Ne5
O-O 9. Nc3 Nxe5 10. dxe5 Ng4 11. Nxd5 Nxe5 12. Bg5 Nc6 13. Nxe7+ Nxe7 14. Qxd8
Rxd8 15. Bxe7 Re8 16. Ba3 Rxe2 17. Rfe1 Rxe1+ 18. Rxe1 Be6 1/2-1/2

[Event "4NCL Division 2b"]
[Site "Daventry, ENG"]
[Date "2020.01.11"]
[Round "3.74"]
[White "Guthrie, David"]
[Black "Murphy, Hugh W"]
[Result "1-0"]
[WhiteElo "2151"]
[BlackElo "2121"]
[PlyCount "79"]
[EventDate "2020.01.11"]
[WhiteTeam "Kings Head"]
[BlackTeam "Grantham Sharks 2"]

1. d4 f5 2. g3 Nf6 3. Bg2 e6 4. Nf3 d5 5. O-O Bd6 6. c4 c6 7. Nc3 O-O 8. Qc2
Qe7 9. a3 Ne4 10. b4 b5 11. cxb5 Nxc3 12. Qxc3 cxb5 13. Bf4 Bb7 14. Rfc1 Nc6
15. Bxd6 Qxd6 16. Qc5 Qxc5 17. Rxc5 a6 18. Rac1 Rac8 19. e3 h6 20. Ne1 Nb8 21.
Nd3 Nd7 22. Rc7 Rxc7 23. Rxc7 Bc8 24. Ne5 Nb6 25. Bf1 Rd8 26. Be2 Kh7 27. Bh5
Nc4 28. Bg6+ Kg8 29. Nc6 Rf8 30. Ne7+ Kh8 31. Nxc8 Nxa3 32. Bf7 Nc2 33. Rxc2
Rxf7 34. Rc6 Kh7 35. Rxe6 Rc7 36. Ne7 Rc1+ 37. Kg2 Ra1 38. Nxd5 a5 39. bxa5
Rxa5 40. Rb6 1-0

[Event "4NCL Division 2b"]
[Site "Daventry, ENG"]
[Date "2020.01.11"]
[Round "3.75"]
[White "Cumbers, Paul"]
[Black "Gilfillan, Andrew"]
[Result "1-0"]
[WhiteElo "2087"]
[BlackElo "2002"]
[PlyCount "71"]
[EventDate "2020.01.11"]
[WhiteTeam "Grantham Sharks 2"]
[BlackTeam "Kings Head"]

1. e4 c5 2. Nc3 Nc6 3. g3 g6 4. Bg2 Bg7 5. d3 e6 6. Be3 Nd4 7. Nce2 d6 8. c3
Nc6 9. Qd2 Bd7 10. h3 Qa5 11. Nc1 b5 12. Nge2 Rb8 13. O-O Nge7 14. Bh6 O-O 15.
Bxg7 Kxg7 16. d4 Qc7 17. Nd3 c4 18. Ndf4 e5 19. Nd5 Qd8 20. f4 f6 21. Rad1 Nxd5
22. exd5 Ne7 23. fxe5 dxe5 24. dxe5 Qb6+ 25. Kh1 fxe5 26. g4 Rbe8 27. Ng3 Nc8
28. Qg5 Qd8 29. Nh5+ Kg8 30. Nf6+ Kh8 31. Be4 Nd6 32. Bxg6 Re7 33. Qh5 Nf5 34.
Bxf5 Rxf6 35. Be4 Qf8 36. Kg2 1-0

[Event "4NCL Division 2b"]
[Site "Daventry, ENG"]
[Date "2020.01.11"]
[Round "3.76"]
[White "Mackenzie, Colin"]
[Black "Kafka, Graeme"]
[Result "1-0"]
[WhiteElo "2039"]
[BlackElo "2042"]
[PlyCount "73"]
[EventDate "2020.01.11"]
[WhiteTeam "Kings Head"]
[BlackTeam "Grantham Sharks 2"]

1. c4 c5 2. g3 g6 3. Bg2 Bg7 4. Nc3 Nc6 5. a3 d6 6. Rb1 a5 7. d3 e5 8. e3 Nge7
9. Nge2 O-O 10. O-O Be6 11. Nd5 Bxd5 12. cxd5 Na7 13. b4 cxb4 14. axb4 Nb5 15.
bxa5 Qxa5 16. Qb3 Nc7 17. e4 b5 18. Bg5 f6 19. Be3 Rfb8 20. Rfc1 Ne8 21. Bh3 f5
22. Bg5 Bf6 23. Be3 b4 24. Rc4 Qa2 25. Nc1 Qxb3 26. Rxb3 f4 27. gxf4 exf4 28.
Bxf4 Bc3 29. Ne2 Ra1+ 30. Kg2 Be1 31. Bd7 Nf6 32. Be6+ Kg7 33. Bxd6 Rb7 34. Be5
Ra2 35. Kf1 Bd2 36. d6 Ra5 37. Bd4 1-0

[Event "4NCL Division 2b"]
[Site "Daventry, ENG"]
[Date "2020.01.11"]
[Round "3.77"]
[White "Lentzos, Ioanis"]
[Black "Davey, Mark"]
[Result "0-1"]
[WhiteElo "2086"]
[BlackElo "2012"]
[PlyCount "128"]
[EventDate "2020.01.11"]
[WhiteTeam "Grantham Sharks 2"]
[BlackTeam "Kings Head"]

1. c4 e5 2. Nc3 c5 3. g3 d6 4. Bg2 Nc6 5. a3 g6 6. Rb1 a5 7. e3 Nge7 8. Nge2
Bg7 9. O-O O-O 10. d3 f5 11. f4 Bd7 12. Bd2 Be8 13. Nd5 Nxd5 14. cxd5 Ne7 15.
b4 axb4 16. axb4 b6 17. bxc5 bxc5 18. Rb7 Ba4 19. Qb1 Rb8 20. Nc3 Bd7 21. Qb3
exf4 22. gxf4 Re8 23. Rb1 Rxb7 24. Qxb7 Nc8 25. Nb5 Bxb5 26. Qxb5 Re7 27. Qa6
Ra7 28. Qc6 Ra1 29. Rxa1 Bxa1 30. Qa8 Bf6 31. Ba5 Qe8 32. Kf2 Bh4+ 33. Ke2 Bf6
34. Qc6 Kf7 35. Qxe8+ Kxe8 36. e4 Ne7 37. Bc7 Kd7 38. e5 Bxe5 39. fxe5 Kxc7 40.
e6 g5 41. h4 h6 42. Kd2 Kd8 43. hxg5 hxg5 44. d4 cxd4 45. Kd3 Ng6 46. Kxd4 Ke7
47. Bf3 Kf6 48. Bd1 g4 49. Bc2 Ne7 50. Bb3 Kg5 51. Ke3 f4+ 52. Ke4 f3 53. Bc4
Kh4 54. Kf4 Kh5 55. Bb3 f2 56. Bc4 Nxd5+ 57. Kg3 Kg5 58. Kxf2 Ne7 59. Ke3 Kf5
60. Bd3+ Ke5 61. Be4 d5 62. Bh7 d4+ 63. Kd3 Nd5 64. Kc4 g3 0-1

[Event "4NCL Division 2b"]
[Site "Daventry, ENG"]
[Date "2020.01.11"]
[Round "3.78"]
[White "Thatte, Nishchal"]
[Black "McCarthy, Kevin C"]
[Result "1/2-1/2"]
[WhiteElo "1832"]
[BlackElo "1997"]
[PlyCount "47"]
[EventDate "2020.01.11"]
[WhiteTeam "Kings Head"]
[BlackTeam "Grantham Sharks 2"]

1. e4 e6 2. d4 d5 3. Nd2 dxe4 4. Nxe4 Bd7 5. Nf3 Bc6 6. Bd3 Nd7 7. c4 Ngf6 8.
Qe2 Be7 9. O-O O-O 10. Bg5 Nxe4 11. Bxe7 Qxe7 12. Bxe4 Bxe4 13. Qxe4 c6 14.
Rfe1 Rfe8 15. Rad1 Nf6 16. Qc2 Rad8 17. h3 h6 18. a3 a5 19. Qb3 Qc7 20. Rb1 b6
21. Qc2 Rb8 22. Ne5 Red8 23. Rbd1 Nd7 24. Nf3 1/2-1/2

[Event "4NCL Division 2b"]
[Site "Daventry, ENG"]
[Date "2020.01.11"]
[Round "3.81"]
[White "Alienkin, Aleksander"]
[Black "Stoyanov, Viktor"]
[Result "1/2-1/2"]
[WhiteElo "2382"]
[BlackElo "2234"]
[PlyCount "54"]
[EventDate "2020.01.11"]
[WhiteTeam "Manchester Manticores 1"]
[BlackTeam "Guildford 3"]

1. d4 Nf6 2. Nf3 e6 3. c4 d5 4. Nc3 dxc4 5. e3 a6 6. a4 c5 7. Bxc4 Nc6 8. O-O
Be7 9. d5 exd5 10. Nxd5 Nxd5 11. Bxd5 O-O 12. e4 Nb4 13. Qb3 Nxd5 14. exd5 Qc7
15. Be3 Bf5 16. Rac1 Rac8 17. Nd2 Rfd8 18. Rfd1 b5 19. axb5 axb5 20. Qxb5 Rxd5
21. Nf3 Rxd1+ 22. Rxd1 Rd8 23. Rxd8+ Qxd8 24. Nd2 h6 25. h3 Be6 26. b3 Qc8 27.
Ne4 c4 1/2-1/2

[Event "4NCL Division 2b"]
[Site "Daventry, ENG"]
[Date "2020.01.11"]
[Round "3.82"]
[White "Osborne, Marcus E"]
[Black "Polaczek, Richard"]
[Result "0-1"]
[WhiteElo "2128"]
[BlackElo "2365"]
[PlyCount "74"]
[EventDate "2020.01.11"]
[WhiteTeam "Guildford 3"]
[BlackTeam "Manchester Manticores 1"]

1. c4 e6 2. Nc3 d5 3. d4 Nf6 4. cxd5 exd5 5. Bg5 Bb4 6. e3 h6 7. Bh4 c5 8. Bd3
cxd4 9. exd4 O-O 10. Nge2 Nc6 11. O-O Be6 12. Bc2 Bd6 13. Qd3 Nb4 14. Bxf6 Nxd3
15. Bxd8 Nb4 16. Bb3 Rfxd8 17. f4 g6 18. Ng3 f5 19. Rae1 Bf7 20. Nb5 Bf8 21.
Nc7 Rac8 22. Ne6 Bxe6 23. Rxe6 Kf7 24. Re2 Bg7 25. Rd2 Nc6 26. Ne2 Na5 27. Rf3
Rc6 28. Rg3 Nc4 29. Rc2 b5 30. Rd3 Re6 31. a4 bxa4 32. Bxa4 Ne3 33. Rc7+ Kf8
34. Rxa7 Nxg2 35. Rd2 Rxe2 36. Rxe2 Nxf4 37. Rxg7 Nxe2+ 0-1

[Event "4NCL Division 2b"]
[Site "Daventry, ENG"]
[Date "2020.01.11"]
[Round "3.83"]
[White "Jaunooby, Ali R"]
[Black "Price, Gwilym"]
[Result "1-0"]
[WhiteElo "2237"]
[BlackElo "2110"]
[PlyCount "87"]
[EventDate "2020.01.11"]
[WhiteTeam "Manchester Manticores 1"]
[BlackTeam "Guildford 3"]

1. d4 Nf6 2. c4 g6 3. f3 Nc6 4. e4 e5 5. Ne2 exd4 6. Nxd4 Bg7 7. Be3 O-O 8. Nc3
d6 9. Qd2 Nxd4 10. Bxd4 Be6 11. O-O-O a6 12. Nd5 b5 13. Qc3 Nxd5 14. cxd5 Bxd4
15. Qxd4 c5 16. Qc3 Bd7 17. h4 b4 18. Qe3 Qf6 19. h5 Bb5 20. Qh6 Ra7 21. Rh3
Rc7 22. Qd2 Ba4 23. Re1 Bd7 24. g4 c4 25. g5 Qe7 26. Rg3 c3 27. Qd4 cxb2+ 28.
Kxb2 Rfc8 29. Bxa6 Rc2+ 30. Kb1 R8c5 31. h6 Qf8 32. f4 f6 33. Rb3 Bc8 34. Bd3
R2c3 35. Rxb4 Rc7 36. Rb3 R3c5 37. Rb6 fxg5 38. e5 Bf5 39. exd6 Bxd3+ 40. Qxd3
Rd7 41. Qd4 Qf5+ 42. Ka1 Rc8 43. Rc6 Rb8 44. Rc7 1-0

[Event "4NCL Division 2b"]
[Site "Daventry, ENG"]
[Date "2020.01.11"]
[Round "3.84"]
[White "White, Nigel"]
[Black "Jayawarna, Nugith"]
[Result "1/2-1/2"]
[WhiteElo "2009"]
[BlackElo "2155"]
[PlyCount "63"]
[EventDate "2020.??.??"]
[WhiteTeam "Guildford 3"]
[BlackTeam "Manchester Manticores 1"]

1. e4 c5 2. Nf3 e6 3. d4 cxd4 4. Nxd4 Nc6 5. Nc3 Qc7 6. g3 a6 7. Bg2 Nf6 8. O-O
Bb4 9. Nxc6 dxc6 10. Qd4 Qa5 11. Bd2 O-O 12. a3 Rd8 13. Qxb4 Qxb4 14. axb4 Rxd2
15. Rfd1 Rxd1+ 16. Rxd1 Kf8 17. Rd8+ Ne8 18. e5 Ke7 19. Rd1 Bd7 20. Na4 Rd8 21.
f4 Bc8 22. Rxd8 Kxd8 23. Kf2 Nc7 24. c3 Nd5 25. Ke2 Kc7 26. Kd3 b6 27. Be4 g6
28. b3 Bd7 29. Kd4 Ne7 30. Nb2 Nf5+ 31. Kd3 h5 32. Nc4 1/2-1/2

[Event "4NCL Division 2b"]
[Site "Daventry, ENG"]
[Date "2020.01.11"]
[Round "3.85"]
[White "Hamer, Martyn"]
[Black "Punnett, Alan K"]
[Result "1/2-1/2"]
[WhiteElo "2140"]
[BlackElo "2011"]
[PlyCount "39"]
[EventDate "2020.01.11"]
[WhiteTeam "Manchester Manticores 1"]
[BlackTeam "Guildford 3"]

1. d4 Nf6 2. Nc3 d5 3. Bf4 e6 4. Nb5 Na6 5. a3 c6 6. Nc3 Bd6 7. Bxd6 Qxd6 8.
Nf3 O-O 9. e3 c5 10. Bd3 Nb8 11. dxc5 Qxc5 12. O-O Nc6 13. e4 d4 14. Ne2 e5 15.
h3 h6 16. c3 dxc3 17. Nxc3 Be6 18. Rc1 Qe7 19. Qe2 Rfd8 20. Rfd1 1/2-1/2

[Event "4NCL Division 2b"]
[Site "Daventry, ENG"]
[Date "2020.01.11"]
[Round "3.86"]
[White "Shepley, Julien M"]
[Black "Newton, Robert A"]
[Result "1/2-1/2"]
[WhiteElo "1914"]
[BlackElo "1997"]
[PlyCount "43"]
[EventDate "2020.01.11"]
[WhiteTeam "Guildford 3"]
[BlackTeam "Manchester Manticores 1"]

1. e4 c5 2. Nf3 d6 3. Bb5+ Bd7 4. Bxd7+ Nxd7 5. O-O g6 6. d4 Bg7 7. c3 Qc7 8.
Qe2 Rc8 9. Nbd2 h5 10. Re1 e5 11. dxe5 dxe5 12. Nc4 b5 13. Ne3 Qc6 14. Nd5 c4
15. Be3 a5 16. Rad1 Nc5 17. Bxc5 Qxc5 18. Ng5 Nh6 19. Qf3 Rc6 20. h3 O-O 21.
Qe3 Re8 22. Qxc5 1/2-1/2

[Event "4NCL Division 2b"]
[Site "Daventry, ENG"]
[Date "2020.01.11"]
[Round "3.87"]
[White "Mulleady, Peter J"]
[Black "Stimpson, Philip M"]
[Result "1/2-1/2"]
[WhiteElo "2020"]
[BlackElo "1941"]
[PlyCount "39"]
[EventDate "2020.01.11"]
[WhiteTeam "Manchester Manticores 1"]
[BlackTeam "Guildford 3"]

1. e4 d5 2. exd5 Qxd5 3. Nc3 Qd8 4. Bc4 Nf6 5. Nf3 g6 6. d3 Bg7 7. Bg5 Nc6 8.
a3 O-O 9. h3 a6 10. O-O b5 11. Ba2 Bb7 12. Re1 Qd7 13. Qd2 e6 14. Bh6 Ne7 15.
Bxg7 Kxg7 16. Ne5 Qd4 17. Qe3 Nf5 18. Qxd4 Nxd4 19. Rac1 Rad8 20. Ne2 1/2-1/2

[Event "4NCL Division 2b"]
[Site "Daventry, ENG"]
[Date "2020.01.11"]
[Round "3.88"]
[White "Mellor, Jessica"]
[Black "Webster, Richard J"]
[Result "1/2-1/2"]
[WhiteElo "1633"]
[BlackElo "2035"]
[PlyCount "52"]
[EventDate "2020.01.11"]
[WhiteTeam "Guildford 3"]
[BlackTeam "Manchester Manticores 1"]

1. e4 e6 2. d4 d5 3. e5 c5 4. c3 Nc6 5. Nf3 Bd7 6. Be2 Nge7 7. a3 c4 8. Nbd2
Na5 9. O-O Nc8 10. Qe1 Ba4 11. Bd1 Bxd1 12. Qxd1 Be7 13. Qa4+ Nc6 14. b4 a6 15.
Re1 b5 16. Qc2 Nb6 17. Nf1 a5 18. Bd2 h5 19. Qc1 axb4 20. axb4 Rxa1 21. Qxa1
Na4 22. Ne3 g5 23. Rf1 g4 24. Ne1 Bg5 25. f4 Bh6 26. g3 Ne7 1/2-1/2

[Event "4NCL Division 2b"]
[Site "Daventry, ENG"]
[Date "2020.01.12"]
[Round "4.51"]
[White "Okike, David"]
[Black "Manley, Jon P"]
[Result "1-0"]
[WhiteElo "2170"]
[BlackElo "2175"]
[PlyCount "73"]
[EventDate "2020.01.12"]
[WhiteTeam "Kings Head"]
[BlackTeam "Oxford 1"]

1. e4 e5 2. Nf3 Nc6 3. Bc4 Bc5 4. c3 Nf6 5. d3 a6 6. a4 d6 7. Nbd2 Ba7 8. h3
O-O 9. O-O Ne7 10. d4 Ng6 11. Re1 c6 12. Bf1 b5 13. b4 Bd7 14. axb5 axb5 15.
Nb3 Be6 16. Na5 Qc7 17. Bg5 d5 18. exd5 Bxd5 19. Bd3 Nd7 20. Bf5 Rae8 21. Qd3
Bb8 22. g3 exd4 23. cxd4 Nb6 24. h4 Kh8 25. h5 Ne7 26. Bf4 Qd8 27. Nb7 Bc4 28.
Nxd8 Bxd3 29. Bxd3 Bxf4 30. gxf4 Ned5 31. Nb7 Nxb4 32. Be4 f5 33. Bb1 N4d5 34.
Nc5 Nd7 35. Ne5 h6 36. Nf7+ Kh7 37. Nd6 1-0

[Event "4NCL Division 2b"]
[Site "Daventry, ENG"]
[Date "2020.01.12"]
[Round "4.52"]
[White "Hansen, Hans-Peter"]
[Black "McMichael, Richard J"]
[Result "1-0"]
[WhiteElo "2148"]
[BlackElo "2170"]
[PlyCount "80"]
[EventDate "2020.01.12"]
[WhiteTeam "Oxford 1"]
[BlackTeam "Kings Head"]

1. c4 e6 2. Nf3 f5 3. g3 Nf6 4. Bg2 d5 5. O-O Bd6 6. d3 O-O 7. Nc3 Nc6 8. Qb3
Kh8 9. Bg5 dxc4 10. Qxc4 Bd7 11. d4 h6 12. Bf4 Qe7 13. Ne5 Bxe5 14. Bxe5 Rac8
15. Bf4 Rfd8 16. Rfd1 Be8 17. Rab1 a6 18. b4 Qd7 19. a4 Nd5 20. Nxd5 exd5 21.
Qc3 Ne7 22. a5 Qe6 23. Rd3 Ng6 24. Re3 Qf7 25. Qc5 Bc6 26. Rbb3 Rd7 27. Rbc3
Ra8 28. Be5 Nf8 29. Ra3 Ne6 30. Qc2 Rf8 31. h4 Qg6 32. Bh3 Rdf7 33. Rf3 Qh5 34.
Kg2 Bd7 35. Rfc3 c6 36. f4 Kg8 37. Kf2 g5 38. Bg2 Re8 39. hxg5 Nxd4 40. Bxd4
hxg5 1-0